[Event "Ceske Budejovice op-A"]
[Site "Ceske Budejovice"]
[Date "2020.07.08"]
[Round "8"]
[White "Hak, David"]
[Black "Placer, Sebastian"]
[Result "0-1"]
[WhiteElo "2188"]
[BlackElo "2065"]
[PlyCount "142"]
[EventDate "2020.07.01"]
[EventType "swiss"]
[EventRounds "9"]
[EventCountry "CZE"]
[SourceTitle "CBM 197 Extra"]
[Source "ChessBase"]
[SourceDate "2020.09.30"]
[SourceVersion "1"]
[SourceVersionDate "2020.09.30"]
[SourceQuality "1"]

1. d4 Nf6 2. c4 g6 3. h4 d6 4. Nc3 Nbd7 5. e4 e5 6. d5 Nc5 7. f3 a5 8. Bg5 Be7 9. Qd2 Nh5 10. Bxe7 Qxe7 11. Nge2 f5 12. 0-0-0 fxe4 13. Nxe4 Nxe4 14. fxe4 Bg4 15. Qe3 0-0 16. Re1 Rf7 17. Ng3 Nf4 18. h5 Nxh5 19. Nxh5 Bxh5 20. Qg3 Kh8 21. Rh4 Raf8 22. Bd3 Rf4 23. Reh1 Rxh4 24. Rxh4 Rf4 25. Rxf4 exf4 26. Qxf4 g5 27. Qf5 Kg7 28. a3 Bg6 29. Qf2 b6 30. Qd4+ Qf6 31. Qe3 Qe5 32. Qh3 Qf4+ 33. Kb1 Qf7 34. Qg4 Qe7 35. Ka2 h6 36. Qc8 Qf7 37. Bc2 Qe7 38. Ka1 Qf7 39. Ka2 Qe7 40. Bd3 Bh7 41. b4 axb4 42. axb4 Bg6 43. Kb3 Bh5 44. e5 dxe5 45. Qf5 Kg8 46. c5 bxc5 47. bxc5 Be8 48. Kc4 Qd7 49. c6 Qd6 50. Be4 Bf7 51. Qc8+ Kg7 52. Qd7 Qa3 53. Qxc7 Qa4+ 54. Kd3 Qd4+ 55. Kc2 Qxe4+ 56. Kb2 Qd4+ 57. Kc1 Qg1+ 58. Kb2 Qxg2+ 59. Ka3 Qxd5 60. Qb7 Qa5+ 61. Kb2 Qa2+ 62. Kc3 Qc4+ 63. Kb2 Kf6 64. c7 Be6 65. Qb8 Kf5 66. Qf8+ Kg4 67. Qb8 e4 68. Qb7 Kf3 69. Kb1 Ke2 70. Qb2+ Kd1 71. Ka1 Qc1+ 0-1

[Event "Ceske Budejovice op-A"]
[Site "Ceske Budejovice"]
[Date "2020.07.02"]
[Round "2"]
[White "Hak, David"]
[Black "Nagy, Gabor"]
[Result "0-1"]
[WhiteElo "2188"]
[BlackElo "2489"]
[PlyCount "110"]
[EventDate "2020.07.01"]
[EventType "swiss"]
[EventRounds "9"]
[EventCountry "CZE"]
[SourceTitle "CBM 197 Extra"]
[Source "ChessBase"]
[SourceDate "2020.09.30"]
[SourceVersion "1"]
[SourceVersionDate "2020.09.30"]
[SourceQuality "1"]

1. d4 Nf6 2. c4 g6 3. Nc3 Bg7 4. e4 d6 5. Nf3 0-0 6. Be2 Na6 7. 0-0 e5 8. Be3 Ng4 9. Bg5 Qe8 10. h3 h6 11. Bh4 exd4 12. Nxd4 Nf6 13. f3 c6 14. Nc2 Nh5 15. f4 Nxf4 16. Rxf4 g5 17. Qxd6 Qe6 18. c5 gxf4 19. Rd1 Be5 20. Nd4 Bxd6 21. Nxe6 Bxc5+ 22. Nxc5 Nxc5 23. Be7 Ne6 24. Bxf8 Kxf8 25. Bg4 Ke7 26. Kf2 Ng5 27. Bxc8 Rxc8 28. h4 Ne6 29. Kf3 Rg8 30. Ne2 h5 31. g3 Rg4 32. Nxf4 Nxf4 33. gxf4 Rxh4 34. Kg3 Rg4+ 35. Kf3 Rg8 36. Rh1 Rh8 37. f5 f6 38. Kf4 h4 39. Rh3 a5 40. e5 fxe5+ 41. Kxe5 Rh5 42. a4 b6 43. b3 c5 44. Kf4 Kf6 45. Kg4 Rh8 46. Kf4 Rd8 47. Ke3 Rd4 48. Rf3 Rg4 49. Kf2 Rg5 50. Rd3 Rxf5+ 51. Kg2 Rg5+ 52. Kh2 Ke5 53. Rc3 Rg3 54. Rc4 Rxb3 55. Rxh4 Rb4 0-1

[Event "Ceske Budejovice op-A"]
[Site "Ceske Budejovice"]
[Date "2020.07.01"]
[Round "1"]
[White "Fuciman, Ondrej"]
[Black "Hak, David"]
[Result "0-1"]
[WhiteElo "1803"]
[BlackElo "2188"]
[PlyCount "110"]
[EventDate "2020.07.01"]
[EventType "swiss"]
[EventRounds "9"]
[EventCountry "CZE"]
[SourceTitle "CBM 197 Extra"]
[Source "ChessBase"]
[SourceDate "2020.09.30"]
[SourceVersion "1"]
[SourceVersionDate "2020.09.30"]
[SourceQuality "1"]

1. e4 e6 2. b3 d5 3. Bb2 Nf6 4. exd5 exd5 5. Nc3 Bc5 6. Qe2+ Be6 7. 0-0-0 0-0 8. d4 Bb4 9. f3 Qe7 10. g4 Ba3 11. h4 Nc6 12. h5 a5 13. g5 Nd7 14. g6 h6 15. Bh3 Bxh3 16. Qxe7 Bxb2+ 17. Kxb2 Nxe7 18. Rxh3 c6 19. Re1 Nf5 20. Nge2 fxg6 21. hxg6 Rf6 22. Rg1 Nf8 23. Rh5 Ne7 24. f4 Nfxg6 25. Na4 Nxf4 26. Nxf4 Rxf4 27. Rxh6 Kf7 28. Rh7 Nf5 29. Nc5 Rg8 30. Nxb7 Nxd4 31. Nxa5 Rf2 32. Rc1 Kf6 33. Rh4 Nf5 34. Rg4 c5 35. a4 d4 36. Nc4 d3 37. Kc3 Nd4 38. Rxd4 cxd4+ 39. Kxd3 g5 40. a5 g4 41. a6 Ra8 42. Ra1 g3 43. b4 g2 44. Nd2 Ke6 45. b5 Kd5 46. Rg1 Re8 47. c4+ dxc3 48. Nb1 Rf3+ 49. Kc2 Re2+ 50. Kb3 c2+ 51. Nc3+ Kd4 52. a7 Rxc3+ 53. Kb4 c1Q 54. Rxc1 Rxc1 55. a8Q Rb1+ 0-1

[Event "CZE-ch U14"]
[Site "Kouty nad Desnou"]
[Date "2020.03.09"]
[Round "4"]
[White "Stalmach, Richard"]
[Black "Hak, David"]
[Result "1/2-1/2"]
[WhiteElo "2259"]
[BlackElo "2120"]
[PlyCount "79"]
[EventDate "2020.03.07"]
[EventType "swiss"]
[EventRounds "7"]
[EventCountry "CZE"]
[SourceTitle "CBM 195 Extra"]
[Source "ChessBase"]
[SourceDate "2020.05.31"]
[SourceVersion "1"]
[SourceVersionDate "2020.05.31"]
[SourceQuality "1"]

1. d4 Nf6 2. c4 g6 3. Nc3 Bg7 4. e4 d6 5. Nf3 0-0 6. h3 Na6 7. Be3 Nd7 8. g4 c5 9. d5 e6 10. Bg2 exd5 11. cxd5 b5 12. 0-0 b4 13. Na4 Nb6 14. Nxb6 axb6 15. Bg5 f6 16. Bf4 Nc7 17. Qd2 Bb7 18. Rfe1 Qd7 19. Bg3 Ra6 20. Qf4 b5 21. h4 Rfa8 22. Kh2 Bc8 23. g5 fxg5 24. Qxg5 Bxb2 25. e5 Bxa1 26. exd6 Ne8 27. Rxa1 Qf5 28. Qe7 Qf8 29. Ng5 Qxe7 30. dxe7 h6 31. d6 hxg5 32. Bd5+ Kh7 33. hxg5 Bd7 34. Kg2 Ng7 35. Be5 Nh5 36. Rh1 Bf5 37. Bf7 Be4+ 38. f3 Bc6 39. Rxh5+ gxh5 40. g6+ 1/2-1/2

[Event "CZE-ch U14"]
[Site "Kouty nad Desnou"]
[Date "2020.03.07"]
[Round "1"]
[White "Stocek, Martin"]
[Black "Hak, David"]
[Result "0-1"]
[WhiteElo "1772"]
[BlackElo "2120"]
[PlyCount "134"]
[EventDate "2020.03.07"]
[EventType "swiss"]
[EventRounds "7"]
[EventCountry "CZE"]
[SourceTitle "CBM 195 Extra"]
[Source "ChessBase"]
[SourceDate "2020.05.31"]
[SourceVersion "1"]
[SourceVersionDate "2020.05.31"]
[SourceQuality "1"]

1. d4 Nf6 2. Nf3 g6 3. c4 Bg7 4. Nc3 d6 5. e4 0-0 6. Be2 e5 7. dxe5 dxe5 8. 0-0 Nbd7 9. Bg5 c6 10. Qd6 Qb6 11. Rab1 Ne8 12. Qd2 f6 13. Be3 Qd8 14. b4 Nc7 15. b5 Qe7 16. Rfd1 Re8 17. bxc6 bxc6 18. Qd6 Qxd6 19. Rxd6 Re6 20. Rbd1 Rxd6 21. Rxd6 Ne8 22. Rd1 Bf8 23. Rb1 Bc5 24. Bd2 Nb6 25. Be3 Bxe3 26. fxe3 Ba6 27. c5 Bxe2 28. cxb6 Bd3 29. Rd1 Bc4 30. bxa7 Rxa7 31. Rd8 Kf7 32. Nd2 Be6 33. Rb8 c5 34. Rb5 Rc7 35. a4 c4 36. a5 Nd6 37. Rb4 Ra7 38. Ra4 Ra6 39. Kf2 Ke7 40. Ke2 Kd7 41. Nd5 Bxd5 42. exd5 f5 43. Nxc4 Nxc4 44. Rxc4 Rxa5 45. Rb4 Kd6 46. Rb7 h5 47. Rb6+ Kxd5 48. Rxg6 Ke4 49. Rd6 Ra3 50. Rd2 Rxe3+ 51. Kf2 Rd3 52. Re2+ Kd4 53. Ra2 Rc3 54. Rd2+ Rd3 55. Ra2 e4 56. Ra5 f4 57. Rxh5 Rd2+ 58. Kf1 Ke3 59. Rh3+ f3 60. gxf3 exf3 61. Ke1 Ra2 62. Kd1 Ra1+ 63. Kc2 Ke2 64. Rh8 f2 65. Re8+ Kf3 66. Rf8+ Kg2 67. Rg8+ Kh1 0-1